[Event "IECC M email"]
[Site "IECC email"]
[Date "1998.02.22"]
[Round "?"]
[White "Uhelski, Enio Cesar"]
[Black "Ashley, Robert"]
[Result "0-1"]
[WhiteElo "951"]
[BlackElo "987"]
[PlyCount "34"]
[EventDate "1998.??.??"]
[EventType "tourn (corr)"]
[EventRounds "12"]
[SourceTitle "Corr 2008"]
[Source "ChessBase"]
[SourceDate "2008.06.24"]
[SourceVersion "1"]
[SourceVersionDate "2008.06.24"]
[SourceQuality "1"]

1. e4 e6 2. d4 Nf6 3. Bg5 c5 4. c3 h6 5. Bxf6 gxf6 6. Nf3 f5 7. Ne5 Qg5 8. Qa4 Qc1+ 9. Qd1 Qxb2 10. Nd2 Qxc3 11. Nec4 Qxd4 12. f3 h5 13. Nb3 Qc3+ 14. Kf2 fxe4 15. Rc1 Qf6 16. Ncd2 Bh6 17. Nxe4 Qb2+ 0-1